banner-ar

الشفرة الوراثية للانسان: القضايا العلمية والاجتماعية لمشروع الجينوم البشرى ( عالم المعرفة 217 ) / (Record no. 51542)

MARC details
000 -الفاتح
حقل البيانات ثابتة الطول 00718nam a2200205Ia 4500
008 - عناصر البيانات ثابتة الطول - معلومات عامة
حقل البيانات ثابتة الطول 140319s9999 xx 000 0 ara d
040 ## - مصدر الفهرسة
وكالة الفهرسة الأصلية GCL /
وكالة النسخ GCL
082 04 - رقم تصنيف ديوى العشرى
رقم التصنيف 575.1
رقم المادة ك ش
100 1# - المدخل الرئيسى - إسم شخصى
الإسم الشخصى احمد مستجير
245 10 - بيان العنوان
العنوان الشفرة الوراثية للانسان: القضايا العلمية والاجتماعية لمشروع الجينوم البشرى ( عالم المعرفة 217 ) /
بيان المسئوليه,etc احمد مستجير
700 1# - المدخل الاضافى - اسم شخصى
الإسم الشخصى كيفلس, دانييل
700 1# - المدخل الاضافى - اسم شخصى
الإسم الشخصى هود, ليروى
300 ## - الوصف المادى
التعداد 462 ص
490 ## - بيان السلسلة
عنوان السلسلة عالم المعرفة
رقم المجلد/ التعيين التسلسلي 0
650 04 - المدخل الاضافى بالموضوع-مصطلح موضوعى
مصطلح موضوعي الوراثة
650 04 - المدخل الاضافى بالموضوع-مصطلح موضوعى
مصطلح موضوعي الهندسة الوراثية
650 04 - المدخل الاضافى بالموضوع-مصطلح موضوعى
مصطلح موضوعي الاحياء، علم
942 ## - عناصر المدخل الإضافي( كوها)
مصدر التصنيف او مخطط الترفيف Dewey Decimal Classification
Koha [default] item type كتاب
Holdings
حالة التراجع حالة الفقد حالة تلف ليس للاعارة المكان المؤقت الموقع الحالى تاريخ الاكتساب اجمالي اﻻعارات رقم الطلب الباركود تاريخ اخر مشاهدة تاريخ تفعيل السعر نوع وعاء كوها
        مكتبة القاهرة الكبرى مكتبة القاهرة الكبرى 03/26/2014   575.1\ك ش 123471 03/26/2014 03/26/2014 كتاب
        مكتبة القاهرة الكبرى مكتبة القاهرة الكبرى 03/26/2014   575.1\ك ش 123472 03/26/2014 03/26/2014 كتاب
        مكتبة القاهرة الكبرى مكتبة القاهرة الكبرى 03/26/2014   575.1\ك ش 123473 03/26/2014 03/26/2014 كتاب
        مكتبة القاهرة الكبرى مكتبة القاهرة الكبرى 03/26/2014   575.1\ك ش 123474 03/26/2014 03/26/2014 كتاب
        مكتبة القاهرة الكبرى مكتبة القاهرة الكبرى 03/26/2014   575.1\ك ش 123475 03/26/2014 03/26/2014 كتاب

Powered By

EGPV